000 00572nam a22001457a 4500
005 20250207084717.0
008 241106b |||||||| |||| 00| 0 eng d
100 _aGuyton, Jen.
_eauthor.
_963680
245 _aMasai mara national, reserve Kenya :
_bin hyena clans, females rule /
_cJen Guyton.
260 _aWashington ;
_bNational Geographic Partners, LLC.,
_cDecember 2022.
300 _avolume 241, pages 66-67,
_billustration.
500 _aNational Geographic, v. 242, n. 12, pages 66-67, December 2022.
700 _aGuyton, Jen.
_eauthor.
_963679
942 _2ddc
_cPER
999 _c23034
_d23034